|
|
|
|
| LEADER |
00000cam a22000004a 4500 |
| 001 |
musev2_70682 |
| 003 |
MdBmJHUP |
| 005 |
20230905051304.0 |
| 006 |
m o d |
| 007 |
cr||||||||nn|n |
| 008 |
110526s2011 ncu o 00 0 eng d |
| 010 |
|
|
|z 2011021957
|
| 020 |
|
|
|a 9780822393641
|
| 020 |
|
|
|z 9780822349143
|
| 020 |
|
|
|z 9780822348917
|
| 035 |
|
|
|a (OCoLC)761369091
|
| 040 |
|
|
|a MdBmJHUP
|c MdBmJHUP
|
| 100 |
1 |
|
|a Muller, Carol Ann.
|
| 245 |
1 |
0 |
|a Musical Echoes :
|b South African Women Thinking in Jazz /
|c Carol Ann Muller & Sathima Bea Benjamin.
|
| 264 |
|
1 |
|a Durham :
|b Duke University Press,
|c 2011.
|
| 264 |
|
3 |
|a Baltimore, Md. :
|b Project MUSE,
|c 2020
|
| 264 |
|
4 |
|c ©2011.
|
| 300 |
|
|
|a 1 online resource (384 pages):
|b illustrations ;
|
| 336 |
|
|
|a text
|b txt
|2 rdacontent
|
| 337 |
|
|
|a computer
|b c
|2 rdamedia
|
| 338 |
|
|
|a online resource
|b cr
|2 rdacarrier
|
| 490 |
0 |
|
|a Refiguring American music
|
| 500 |
|
|
|a Series edited by Ronald Radano and Josh Kun.
|
| 505 |
0 |
|
|a A tribute by Abdullah Ibrahim: "Sathima" -- Sathima : my life's journey as a jazz singer -- Beginnings -- A home within -- Call: recollecting a musical past -- Response: entanglement in race and music -- Cape jazz -- Call: popular music, dance bands, and jazz -- Response: imagining musical lineage through Duke and Billie -- Jazz migrancy -- Call: musicians abroad -- Response: a new African diaspora -- A new york embrace -- Call: coming to the city -- Response: women thinking in jazz, or the poetics of a musical self -- Returning home? -- Call: Cape Town love/an archeology of popular song -- Response: jazz history as living history -- Musical echoes -- Call: Sathima's musical echo -- Response: reflections on echo -- Outcomes : jazz in the world.
|
| 520 |
8 |
|
|a The life story of the outstanding jazz vocalist Sathima Bea Benjamin sheds light on South African jazz history, women in jazz, and American music as a transnational art form.
|
| 588 |
|
|
|a Description based on print version record.
|
| 600 |
1 |
7 |
|a Benjamin, Sathima Bea
|d 1936-2013
|2 gnd
|
| 600 |
1 |
7 |
|a Benjamin, Sathima Bea.
|2 fast
|0 (OCoLC)fst00310353
|
| 600 |
1 |
0 |
|a Benjamin, Sathima Bea.
|
| 650 |
|
7 |
|a Jazzmusikerin
|2 gnd
|
| 650 |
|
7 |
|a Jazz
|2 gnd
|
| 650 |
|
7 |
|a Women musicians, Black.
|2 fast
|0 (OCoLC)fst01742498
|
| 650 |
|
7 |
|a Women jazz musicians.
|2 fast
|0 (OCoLC)fst01178069
|
| 650 |
|
7 |
|a Jazz singers.
|2 fast
|0 (OCoLC)fst00982214
|
| 650 |
|
7 |
|a Jazz.
|2 fast
|0 (OCoLC)fst00982165
|
| 650 |
|
7 |
|a Biography.
|2 eflch
|
| 650 |
|
6 |
|a Musiciennes de jazz
|z Afrique du Sud.
|
| 650 |
|
6 |
|a Chanteurs de jazz
|z Afrique du Sud
|v Biographies.
|
| 650 |
|
0 |
|a Jazz
|z South Africa.
|
| 650 |
|
0 |
|a Women musicians, Black
|z South Africa.
|
| 650 |
|
0 |
|a Women jazz musicians
|z South Africa.
|
| 650 |
|
0 |
|a Jazz singers
|z South Africa
|v Biography.
|
| 651 |
|
7 |
|a Südafrika
|g Kontinent
|2 gnd
|
| 651 |
|
7 |
|a Südafrika
|2 gnd
|
| 651 |
|
7 |
|a Kapstadt
|2 gnd
|
| 651 |
|
7 |
|a South Africa.
|2 fast
|0 (OCoLC)fst01204616
|
| 655 |
|
7 |
|a Biographies.
|2 rvmgf
|
| 655 |
|
7 |
|a Biographies.
|2 lcgft
|
| 655 |
|
7 |
|a Biographies.
|2 fast
|0 (OCoLC)fst01919896
|
| 655 |
|
4 |
|a Biographie.
|
| 655 |
|
2 |
|a Biography
|
| 655 |
|
7 |
|a Electronic books.
|2 local
|
| 700 |
1 |
|
|a Benjamin, Sathima Bea.
|
| 710 |
2 |
|
|a Project Muse.
|e distributor
|
| 830 |
|
0 |
|a Book collections on Project MUSE.
|
| 856 |
4 |
0 |
|z Texto completo
|u https://projectmuse.uam.elogim.com/book/70682/
|
| 945 |
|
|
|a Project MUSE - Custom Collection
|